000 00483nam a2200193 a 4500
001 1774863791448
003 YourLibrary
005 20260330151549.0
008 260330s2006##################000#0#eng##
020 _a9780743256179
082 0 4 _a355.0092273
_bCAR
100 1 _aCarroll, Andrew,
_eauthor.
245 1 0 _aBehind the Lines :
260 _bScribner,
_c2006.
300 _a516 pages
650 0 _aHistory.
942 _cENGLISH
040 _aYourLibrary
_beng
_cYourLibrary
999 _c618200
_d618200